Introduction to Psychology : (Record no. 168543)
[ view plain ]
| 000 -LEADER | |
|---|---|
| fixed length control field | 00942nam a2200301 a 4500 |
| 008 - FIXED-LENGTH DATA ELEMENTS--GENERAL INFORMATION | |
| fixed length control field | |
| 020 ## - INTERNATIONAL STANDARD BOOK NUMBER | |
| International Standard Book Number | 9781337565691 (hardback) |
| 040 ## - CATALOGING SOURCE | |
| Original cataloging agency | NUST |
| Transcribing agency | NUST |
| 049 ## - LOCAL HOLDINGS (OCLC) | |
| Holding library | MAIN |
| 090 ## - LOCALLY ASSIGNED LC-TYPE CALL NUMBER (OCLC); LOCAL CALL NUMBER (RLIN) | |
| Classification number (OCLC) (R) ; Classification number, CALL (RLIN) (NR) | BF121 |
| Local cutter number (OCLC) ; Book number/undivided call number, CALL (RLIN) | COO |
| 003 - CONTROL NUMBER IDENTIFIER | |
| control field | |
| 005 - DATE AND TIME OF LATEST TRANSACTION | |
| control field | 20230123141141.0 |
| 100 1# - MAIN ENTRY--PERSONAL NAME | |
| Personal name | Coon, Dennis. |
| 245 10 - TITLE STATEMENT | |
| Title | Introduction to Psychology : |
| Remainder of title | gateways to mind and behavior/ |
| Statement of responsibility, etc. | Dennis Coon, John Mitterer [and] Tanya Martini. |
| 250 ## - EDITION STATEMENT | |
| Edition statement | Student edition |
| 260 ## - PUBLICATION, DISTRIBUTION, ETC. | |
| Place of publication, distribution, etc. | Boston : |
| Name of publisher, distributor, etc. | Cengage, |
| Date of publication, distribution, etc. | c2019 |
| 300 ## - PHYSICAL DESCRIPTION | |
| Extent | xxvii, 704 pages : |
| Other physical details | coloured illustrations; |
| Dimensions | 28 cm. |
| 336 ## - CONTENT TYPE | |
| Content type term | text |
| Content type code | txt |
| Source | rdacontent |
| 337 ## - MEDIA TYPE | |
| Media type term | unmediated |
| Media type code | n |
| Source | rdamedia |
| 338 ## - CARRIER TYPE | |
| Carrier type term | volume |
| Carrier type code | nc |
| Source | rdacarrier |
| 500 ## - GENERAL NOTE | |
| General note | Includes indexes. |
| 504 ## - BIBLIOGRAPHY, ETC. NOTE | |
| Bibliography, etc. note | Includes bibliographical references. |
| 650 #0 - SUBJECT ADDED ENTRY--TOPICAL TERM | |
| Topical term or geographic name entry element | Psychology. |
| 700 1# - ADDED ENTRY--PERSONAL NAME | |
| Personal name | John Mitterer |
| 700 1# - ADDED ENTRY--PERSONAL NAME | |
| Personal name | Tanya Martini |
| 907 ## - LOCAL DATA ELEMENT G, LDG (RLIN) | |
| a | .b10397978 |
| b | 01-08-19 |
| c | 25-06-19 |
| 942 ## - ADDED ENTRY ELEMENTS (KOHA) | |
| Koha item type | Ordinary Loan Books |
| Call number prefix | BF121 |
| Call number suffix | COO |
| Date last seen | Total Checkouts | Full call number | Barcode | Cost, replacement price | Price effective from | Koha item type | Lost status | Source of classification or shelving scheme | Damaged status | Not for loan | Collection | Withdrawn status | Home library | Current library | Shelving location | Date acquired | Cost, normal purchase price |
|---|---|---|---|---|---|---|---|---|---|---|---|---|---|---|---|---|---|
| 01/23/2023 | BF121 COO | 92004046570 | 80.00 | 01/23/2023 | BOOKS | LCC | NFIC | MAIN | MAIN | GEN | 01/23/2023 | 80.00 |